DC Good Guys - Statistics

General Stats
  • This quiz has been taken 11 times
  • The average score is 31 of 250
Answer Stats
Hint Answer % Correct
2 Batman
90%
1 Superman
90%
3 Wonder Woman
90%
4 Green Lantern
80%
17 Robin
80%
5 Flash
70%
21 Batgirl
60%
33 Beast Boy
60%
32 Cyborg
60%
7 Green Arrow
60%
71 Hawk
60%
20 Nightwing
60%
35 Raven
60%
26 Supergirl
60%
25 Batwoman
50%
11 Black Canary
50%
60 Blue Beetle
50%
Catwoman
50%
10 Hawkgirl
50%
9 Hawkman
50%
39 Kid Flash
50%
6 Martian Manhunter
50%
18 Red Hood
50%
19 Red Robin
50%
Shazam
50%
34 Starfire
50%
27 Superboy
50%
37 Aqualad
40%
12 Atom
40%
93 Mr Terrific
40%
74 Plastic Man
40%
Vibe
40%
13 Zatanna
40%
Alfred
30%
61 Booster Gold
30%
72 Dove
30%
80 Dr Fate
30%
69 Fire
30%
76 Harley Quinn
30%
29 Lois Lane
30%
Mera
30%
Power Girl
30%
38 Speedy
30%
22 Spoiler
30%
36 Wondergirl
30%
55 Big Barda
20%
23 Black Bat
20%
49 Black Lightning
20%
62 Captain Atom
20%
77 Deadman
20%
15 Elongated Man
20%
14 Firestorm
20%
70 Ice
20%
Impulse
20%
Jim Gordon
20%
28 Jimmy Olsen
20%
Krypto
20%
Mary Marvel
20%
46 Metamorpho
20%
Miss Martian
20%
65 Peacemaker
20%
8 Red Tornado
20%
63 The Question
20%
66 Vigilante
20%
Vixen
20%
24 Ace
10%
Animal Man
10%
Apollo
10%
Arrowette
10%
Artemis
10%
83 Atom Smasher
10%
Azrael
10%
Bat-Mite
10%
Blackhawk
10%
Blok
10%
Captain Marvel
10%
Captain Marvel Jr
10%
Crimson Avenger
10%
84 Dr Midnite
10%
53 Elastigirl
10%
Firebrand
10%
Frankenstein
10%
45 Geo-Force
10%
Gypsy
10%
Harvey Bullock
10%
82 Hourman
10%
Jesse Quick
10%
John Diggle
10%
73 Jonah Hex
10%
47 Katana
10%
Kilowog
10%
Lady Blackhawk
10%
Manhunter
10%
54 Mr Miracle
10%
51 Negative Man
10%
98 Obsidian
10%
78 Phantom Stranger
10%
Ragman
10%
41 Ravager
10%
Saturn Girl
10%
Sgt Rock
10%
Signal
10%
100 Silver Scarab
10%
91 Spectre
10%
87 Stargirl
10%
90 Starman
10%
89 Star Spangled Kid
10%
96 Static
10%
88 STRIPE
10%
44 Terra
10%
Adam Strange
0%
Alana
0%
Amazing Man
0%
Ambush Bug
0%
Andromeda
0%
Apache Chief
0%
Aquagirl
0%
Argent
0%
Aya
0%
B'dg
0%
Black Condor
0%
Black Vulcan
0%
Blubber
0%
Bombshell
0%
Bouncing Boy
0%
Brainiac 5
0%
Brainwave Jr
0%
Bronze Tiger
0%
Bulleteer
0%
Bulletgirl
0%
Bwana Beast
0%
Captain Fear
0%
Chameleon Boy
0%
Chameleon Girl
0%
Chemical King
0%
Chlorophyll Kid
0%
C'hp
0%
Citizen Steel
0%
Colossal Boy
0%
Congorilla
0%
Connor Hawk
0%
Corky Baxter
0%
Cosmic Boy
0%
Dawnstar
0%
Doll Man
0%
Dream Girl
0%
El Dorado
0%
Element Lad
0%
Empress
0%
Enemy Ace
0%
Ferro Lad
0%
31 Firehawk
0%
Fire Lad
0%
Flamebird
0%
58 Forager
0%
59 Funky Flashman
0%
99 Fury
0%
Ganthet
0%
Gates
0%
GI Robot
0%
Grey Ghost
0%
30 Guardian
0%
48 Halo
0%
Harbinger
0%
Herald
0%
Hoppy
0%
Human Bomb
0%
Infectious Lass
0%
Invisible Kid
0%
Jack O'Lantern
0%
94 Jakeem Thunder
0%
Jem, son of saturn
0%
40 Jericho
0%
95 Johnny Thunder
0%
64 Judomaster
0%
Kamandi
0%
Karate Kid
0%
Kid Psycho
0%
43 Lagoon Boy
0%
92 Liberty Belle
0%
Light Lass
0%
97 Lightning
0%
Lightning Lad
0%
57 Lightray
0%
79 Madame Xanadu
0%
Matter-Eater Lad
0%
Max Mercury
0%
'Mazing Man
0%
Mignighter
0%
Mogo
0%
Mon-el
0%
Monitor
0%
Naomi
0%
Night Girl
0%
67 Nightshade
0%
Northwind
0%
Nubia
0%
Oberon
0%
Olympian
0%
56 Orion
0%
Phantom Girl
0%
Phantom Lady
0%
Polar Boy
0%
Projectra
0%
Quislet
0%
Ray
0%
Razer
0%
Rick Flag
0%
Rip Hunter
0%
Rising Sun
0%
Risk
0%
50 Robotman
0%
68 Rocket Red
0%
Samurai
0%
86 Sand
0%
85 Sandman
0%
Secret
0%
Shadow Lass
0%
Shining Knight
0%
Shrinking Violet
0%
Skeets
0%
42 Slade
0%
Slobo
0%
Snapper Carr
0%
Solovar
0%
Star Boy
0%
Steve Trevor
0%
Stone Boy
0%
16 Sue Dibny
0%
Sun Boy
0%
Tellus
0%
The Bride
0%
52 The Chief
0%
TImber Wolf
0%
Tomar Re
0%
Topo
0%
Trinity
0%
Triplicate Girl
0%
Tyroc
0%
Ultra Boy
0%
Uncle Marvel
0%
Uncle Sam
0%
Waverider
0%
White Witch
0%
81 Wildcat
0%
Wild Dog
0%
Wildfire
0%
Wing
0%
75 Woozy Winks
0%
No matching quizzes found
Score Distribution
Percent of People with Each Score
Percentile by Number Answered
Your Score History
You have not taken this quiz